00338nam a2200133Ia 4500008004100000020001800041041001200059100001700071245005700088250000900145260002500154300000800179650001700187221220s9999 xx 000 0 und d a93-92140-15-0 aEnglish aJ. N. Pandey 0aConstitutional Law of India 59th Edcby J. N. Pandey a59th bCLAaAllahabadc2022 a918 aConstitution